000 00615nam a2200241Ia 4500
003 OSt
005 20220923230731.0
006 a|||||r|||| 00| 0
007 ta
008 Pun
020 _c20
024 _a305,153
037 _cTextual
040 _aARTS
_cARTS
_bPun
041 _2Pun
_aPun
082 _aQ8441:332wI79, 153M1
100 _aਸਤਿਬੀਰ ਸਿੰਘ
245 0 _aਪੂਰੀ ਹੋਈ ਕਰਾਮਾਤਿ
260 _c1981
650 _aਧਰਮ
942 _hQ8441:332wI79, 153M1
_cTEXL
_2CC
999 _c386956
_d386956